Drinking water and infectious disease : establishing the links

Αποθηκεύτηκε σε:
Λεπτομέρειες βιβλιογραφικής εγγραφής
Άλλοι συγγραφείς: Hunter, Paul R. (Επιμελητής έκδοσης), Waite, Mike (Επιμελητής έκδοσης), Ronchi, Elettra (Επιμελητής έκδοσης)
Μορφή: Βιβλίο
Γλώσσα:English
Δημοσίευση: Boca Raton, Fla. : CRC Press, c2003
Θέματα:
Ετικέτες: Προσθήκη ετικέτας
Δεν υπάρχουν, Καταχωρήστε ετικέτα πρώτοι!

MARC

LEADER 00000nam a2200000 i 4500
001 1/87014
008 080529s2003 eng d
020 |a 978-0-8493-1259-5 
020 |a 0-8493-1259-0 
035 |l 10097778 
040 |a GR-MY-UA  |b gre  |e aacr 
041 0 |a eng 
082 0 |a 614.4  |2 (22) 
245 1 0 |a Drinking water and infectious disease :  |b establishing the links /  |c edited by Paul Raymond Hunter, Mike Waite, Elettra Ronchi 
260 |a Boca Raton, Fla. :   |b CRC Press,   |c c2003 
300 |a 221 σ.;  |b εικ., χάρτες, πίν.;  |c 26 εκ. 
504 |a Περιέχει βιβλιογραφικές παραπομπές και ευρετήριο 
650 0 0 |a Drinking water  |x Microbiology  |x Congresses. 
650 0 0 |a Communicable diseases  |x Environmental aspects  |x Congresses. 
650 0 0 |a Drinking water  |x Contamination  |x Congresses. 
650 0 0 |a Waterborne infection  |x Congresses. 
650 0 0 |a Water  |x Microbiology  |x Congresses. 
650 0 0 |a Water-supply  |x Analysis  |x Congresses. 
650 0 0 |a Communicable diseases  |x Epidemiology  |x Congresses. 
650 0 0 |a Epidemics  |x Congresses. 
700 1 |a Hunter, Paul R.  |4 edt 
700 1 |a Waite, Mike.  |4 edt 
700 1 |a Ronchi, Elettra.  |4 edt 
852 |a INST  |b LESVOS  |e 20080529  |h 614.4 DRI  |p 005100042330  |q 005100042330  |t BK  |y 0 
901 |a BIBL1-2008-2 
909 |a Λ  |b 152666 
922 |a 1ΕΛΗ  |b 200803  |c ΕΠΕΑΕΚ2/ΤΕΘ  |d ΕΛΕΥΘΕΡΟΥΔΑΚΗΣ 
970 |a ΓΙΑΛΑΜΑ  |b ΜΑΡΙΑ  |z 2008/05/29